书目信息 |
| 题名: |
危险性较大工程安全监管制度与专项方案范例
|
|
| 作者: | 高乃社 , 高淑娴 , 周与诚 编著 | |
| 分册: | 钢结构工程 | |
| 出版信息: | 北京 中国建筑工业出版社 2017.07 |
|
| 页数: | 10, 398页 | |
| 开本: | 26cm | |
| 丛书名: | ||
| 单 册: | ||
| 中图分类: | TU714 | |
| 科图分类: | ||
| 主题词: | 钢结构--gang jie gou--建筑工程--安全管理--建筑方案 | |
| 电子资源: | ||
| ISBN: | 978-7-112-20407-6 | |
| 000 | 01213nam 2200253 450 | |
| 001 | 012017000009 | |
| 005 | 20190307111758.74 | |
| 010 | @a978-7-112-20407-6@dCNY79.00 | |
| 100 | @a20170710d2017 em y0chiy50 ea | |
| 101 | 0 | @achi |
| 102 | @aCN@b110000 | |
| 105 | @aak z 000yy | |
| 200 | 1 | @a危险性较大工程安全监管制度与专项方案范例@Awei xian xing jiao da gong cheng an quan jian guan zhi du yu zhuan xiang fang an fan li@i钢结构工程@f高乃社, 高淑娴, 周与诚等编著@Fgao nai she, gao shu xian, zhou yu cheng deng bian zhu |
| 210 | @a北京@c中国建筑工业出版社@d2017.07 | |
| 215 | @a10, 398页@c图@d26cm | |
| 330 | @a本书分为上下两篇, 上篇包括危大工程监管制度综述、北京市落实制度具体做法总数和专项方案编制要点, 下篇给出了8个典型工程专项方案范例, 其中包括单层厂房钢结构工程、连桥钢结构工程、单层网壳钢结构工程、大跨度网架整体提升工程、大跨度空间网格钢结构工程等。 | |
| 517 | 1 | @a钢结构工程@Agang jie gou gong cheng |
| 606 | 0 | @a钢结构@Agang jie gou@x建筑工程@x安全管理@x建筑方案 |
| 690 | @aTU714@v5 | |
| 701 | 0 | @a高乃社@Agao nai she@4编著 |
| 701 | 0 | @a高淑娴@Agao shu xian@4编著 |
| 701 | 0 | @a周与诚@Azhou yu cheng@4编著 |
| 801 | 0 | @aCN@c20170916 |
| 905 | @a河南城建学院图书馆@b21353377-78@dTU714@eG156@f2 | |
| 危险性较大工程安全监管制度与专项方案范例.钢结构工程/高乃社, 高淑娴, 周与诚等编著.-北京:中国建筑工业出版社,2017.07 |
| 10, 398页:图;26cm |
| ISBN 978-7-112-20407-6:CNY79.00 |
| 本书分为上下两篇, 上篇包括危大工程监管制度综述、北京市落实制度具体做法总数和专项方案编制要点, 下篇给出了8个典型工程专项方案范例, 其中包括单层厂房钢结构工程、连桥钢结构工程、单层网壳钢结构工程、大跨度网架整体提升工程、大跨度空间网格钢结构工程等。 |
| ● |
| 相关链接 |
|
|
|
正题名:危险性较大工程安全监管制度与专项方案范例
索取号:TU714/G156
 
预约/预借
| 序号 | 登录号 | 条形码 | 馆藏地/架位号 | 状态 | 备注 |
| 1 | 1301966 | 213019669 | 建筑库201/201建筑库 25排3列3层/ [索取号:TU714/G156] | 在馆 | |
| 2 | 1353377 | 213533773 | 建筑库201/201建筑库 25排3列3层/ [索取号:TU714/G156] | 在馆 | |
| 3 | 1353378 | 213533782 | 建筑库201/201建筑库 25排3列3层/ [索取号:TU714/G156] | 在馆 |